[Event "London SCCU op"]
[Site "London"]
[Date "1995.08.??"]
[Round "6"]
[White "Dutta, Shyamol"]
[Black "Dunn, Andrew M"]
[Result "0-1"]
[WhiteElo "2110"]
[BlackElo "1936"]
[PlyCount "58"]
[EventDate "1995.08.14"]
[EventType "swiss"]
[EventRounds "9"]
[EventCountry "ENG"]
[SourceTitle "EXT 1999"]
[Source "ChessBase"]
[SourceDate "1998.11.16"]
[SourceVersion "1"]
[SourceVersionDate "1998.11.16"]
[SourceQuality "1"]

1. e4 g6 2. d4 Bg7 3. g3 d6 4. Bg2 Nf6 5. Nc3 0-0 6. Nge2 e5 7. 0-0 Nc6 8. h3 Nxd4 9. Nxd4 exd4 10. Qxd4 Re8 11. Qd3 Nd7 12. Be3 Ne5 13. Qe2 Be6 14. Nd5 c6 15. f4 cxd5 16. exd5 Bg4 17. hxg4 Nxg4 18. Qxg4 Rxe3 19. c3 Qb6 20. Rf2 Rae8 21. Bf1 f5 22. Qh3 Rf3 23. Qg2 Rfe3 24. Kh2 h5 25. Rd1 Bf6 26. Rdd2 Kf7 27. Rf3 h4 28. gxh4 Rh8 29. Qf2 Bxh4 0-1

[Event "London SCCU op"]
[Site "London"]
[Date "1995.08.??"]
[Round "8"]
[White "Dutta, Shyamol"]
[Black "Szabo, Peter"]
[Result "1-0"]
[WhiteElo "2110"]
[BlackElo "1672"]
[PlyCount "81"]
[EventDate "1995.08.14"]
[EventType "swiss"]
[EventRounds "9"]
[EventCountry "ENG"]
[SourceTitle "EXT 1999"]
[Source "ChessBase"]
[SourceDate "1998.11.16"]
[SourceVersion "1"]
[SourceVersionDate "1998.11.16"]
[SourceQuality "1"]

1. e4 c5 2. Nf3 d6 3. d4 cxd4 4. Nxd4 Nf6 5. Nc3 e6 6. Be2 a6 7. 0-0 Qc7 8. f4 b5 9. a3 Bb7 10. Bf3 Nbd7 11. Kh1 Rc8 12. Nb3 Be7 13. Qe1 0-0 14. Be3 d5 15. exd5 Nxd5 16. Nxd5 Bxd5 17. Bxd5 exd5 18. Nd4 Bf6 19. c3 g6 20. Rd1 Bg7 21. Qh4 Rce8 22. Rde1 Qc4 23. Rf3 Re4 24. Qf2 Rfe8 25. Nc2 a5 26. h3 Qb3 27. Bc1 Rxe1+ 28. Nxe1 Qd1 29. Re3 Re4 30. Qd2 Qxd2 31. Bxd2 f5 32. Rd3 d4 33. cxd4 Rxd4 34. Bxa5 Rxf4 35. Rxd7 Rf1+ 36. Kh2 Be5+ 37. g3 Rf2+ 38. Kg1 Rxb2 39. Nd3 Rb1+ 40. Kg2 Bf6 41. Bb4 1-0

[Event "London SCCU op"]
[Site "London"]
[Date "1995.08.??"]
[Round "5"]
[White "Tuddenham, David"]
[Black "Dutta, Shyamol"]
[Result "1-0"]
[WhiteElo "1992"]
[BlackElo "2110"]
[PlyCount "77"]
[EventDate "1995.08.14"]
[EventType "swiss"]
[EventRounds "9"]
[EventCountry "ENG"]
[SourceTitle "EXT 1999"]
[Source "ChessBase"]
[SourceDate "1998.11.16"]
[SourceVersion "1"]
[SourceVersionDate "1998.11.16"]
[SourceQuality "1"]

1. e4 c5 2. Nc3 Nc6 3. g3 g6 4. f4 d6 5. Bg2 Bg7 6. Nf3 e6 7. 0-0 Nge7 8. d3 0-0 9. g4 f5 10. h3 Rb8 11. a4 a6 12. Kh1 b5 13. axb5 axb5 14. Ne2 b4 15. c3 bxc3 16. bxc3 Bd7 17. Ba3 Qc7 18. gxf5 exf5 19. e5 Nd5 20. Qd2 Na5 21. Ng5 Ne7 22. Qa2+ d5 23. Bxc5 Qxc5 24. Qxa5 Qe3 25. Qc7 Rfd8 26. Nd4 Rbc8 27. Qd6 h6 28. Qxe7 hxg5 29. Ra7 gxf4 30. Rxd7 Rxd7 31. Qxd7 Rxc3 32. Qd8+ Kh7 33. Qh4+ Bh6 34. Qe7+ Bg7 35. Ne6 Qxe5 36. Ng5+ Kg8 37. Qd8+ Bf8 38. Bxd5+ Kg7 39. Ne6+ 1-0

[Event "Hastings Masters"]
[Site "Hastings"]
[Date "1995.??.??"]
[Round "3"]
[White "Jain, Naveen"]
[Black "Dutta, Shyamol"]
[Result "0-1"]
[WhiteElo "2265"]
[BlackElo "2110"]
[PlyCount "60"]
[EventDate "1995.08.??"]
[EventType "swiss"]
[EventRounds "9"]
[EventCountry "ENG"]
[SourceTitle "CBM 048 Extra"]
[Source "ChessBase"]
[SourceDate "1995.11.01"]
[SourceVersion "1"]
[SourceVersionDate "1995.11.01"]
[SourceQuality "1"]

1. e4 c5 2. Nf3 d6 3. d4 cxd4 4. Qxd4 a6 5. c4 Nc6 6. Qd2 Nf6 7. Nc3 e6 8. Be2 Be7 9. 0-0 b6 10. b3 Bb7 11. Bb2 0-0 12. Nd4 Rc8 13. Kh1 Qc7 14. f4 Nd7 15. Nc2 Nc5 16. Qe3 Bf6 17. Rad1 Rfd8 18. Rf3 Nxe4 19. Nxe4 Bxb2 20. Rh3 d5 21. Ng5 h6 22. Nf3 dxc4 23. Rxd8+ Rxd8 24. bxc4 Na5 25. Rg3 Bf6 26. Ne5 Bxe5 27. fxe5 Nxc4 28. Qxh6 Qxe5 29. Qh4 Qd5 30. Qxc4 Qxc4 0-1

[Event "Lloyds Bank op 18th"]
[Site "London"]
[Date "1994.??.??"]
[Round "7"]
[White "Brown, Simon D"]
[Black "Dutta, Shyamol"]
[Result "1-0"]
[WhiteElo "2295"]
[BlackElo "2140"]
[PlyCount "43"]
[EventDate "1994.08.??"]
[EventType "swiss"]
[EventRounds "10"]
[EventCountry "ENG"]
[SourceTitle "EXT 2000"]
[Source "ChessBase"]
[SourceDate "1999.11.16"]
[SourceVersion "1"]
[SourceVersionDate "1999.11.16"]
[SourceQuality "1"]

1. d4 Nf6 2. c4 g6 3. Nc3 Bg7 4. e4 d6 5. f4 0-0 6. Nf3 c5 7. d5 e6 8. Be2 exd5 9. cxd5 Re8 10. 0-0 Nxe4 11. Nxe4 Rxe4 12. Bd3 Re8 13. f5 Nd7 14. Ng5 Nf6 15. fxg6 fxg6 16. Qa4 Ng4 17. Nf3 Ne5 18. Bg5 Qd7 19. Bb5 Qf5 20. Bxe8 Nxf3+ 21. Rxf3 Bd4+ 22. Be3 1-0